Декабристи в Острозі (Запис № 442961)

МАРК-запис
000 -Лідер
fixed length control field 00599caa a22001817a 4500
003 - Ідентифікатор контрольного номера
control field UA-OsUOA
005 - Дата та час останнього входження (трансакції)
control field 20191125161730.0
008 - Елементи даних фіксованої довжини – загальна інформація
fixed length control field 191125b un ||||| |||| 00| 0 ukr d
040 ## - Джерело каталогізації
Агенція оригінальної каталогізації UA-OsUOA
Мова каталогізації ukr
Агенція, яка здійснювала перезапис UA-OsUOA
Агенція, яка здійснювала модифікацію UA-OsUOA
041 ## - Код мови
Код мови тексту/ звукової доріжки чи окремого заголовка (П) ukr
080 ## - Індекс Універсальної десяткової класифікації
Індекс Універсальної десяткової класифікації (УДК) (НП) 908
090 ## - Локальний шифр розміщення
Класифікаційний індекс УДК 908
100 ## - Основне введення – ім’я особи
Ім’я особи (НП) Тимощук І.
245 ## - Відомості про назву
Назва (НП) Декабристи в Острозі
Дані про відповідальність (НП) І. Тимощук
300 ## - Фізичний опис
Обсяг С. 98–111
773 0# - Введення хост-одиниці (П)
Бібліонома 417659
Host Itemnumber 425167
Місце, видавець та дата видання (НП) Острог Свинарчук Р. В. 2018
Інший ідентифікатор одиниці опису 161111
Назва (НП) Острозький краєзнавчий збірник
Контрольний номер запису (П) (UA-OsUOA) 135876
942 ## - Додаткові елементи входу (Коха)
Source of classification or shelving scheme Universal Decimal Classification
Тип елемента Koha Складова частина документа

Немає доступних примірників.